[Event "CAN-ch International"]
[Site "Longueuil"]
[Date "2019.10.13"]
[Round "4"]
[White "Luksza, Arkadiusz"]
[Black "Guerra Cedeno, Osmany"]
[Result "0-1"]
[WhiteElo "2127"]
[BlackElo "2139"]
[PlyCount "107"]
[EventDate "2019.10.11"]
[EventType "swiss"]
[EventRounds "5"]
[EventCountry "CAN"]
[SourceTitle "CBM 192 Extra"]
[Source "Chessbase"]
[SourceDate "2019.11.06"]
[SourceVersion "1"]
[SourceVersionDate "2019.11.06"]
[SourceQuality "1"]

1. d4 d5 2. Nf3 Nf6 3. g3 g6 4. Bg2 Bg7 5. c4 c6 6. 0-0 0-0 7. Nc3 dxc4 8. e4 Bg4 9. h3 Bxf3 10. Bxf3 b5 11. a4 b4 12. Ne2 Qc8 13. Bg2 a5 14. Qc2 Qa6 15. Bg5 Nbd7 16. e5 Nd5 17. Bxd5 cxd5 18. Bxe7 Rfe8 19. Bd6 Bf8 20. Bxf8 Nxf8 21. f4 Qb6 22. Kh2 Ra7 23. Rad1 f5 24. g4 Qe6 25. gxf5 Qxf5 26. Qxf5 gxf5 27. Rg1+ Kf7 28. Kg3 Nd7 29. Kf3 Nb6 30. Ra1 Ke6 31. Rg5 Rf7 32. Ng3 Rc8 33. Nh5 c3 34. Ng7+ Rxg7 35. Rxg7 cxb2 36. Rb1 Nxa4 37. Ra7 Rc1 38. Ra6+ Kd7 39. Rxb2 Nxb2 40. Rxa5 Kc6 41. Ra6+ Kb5 42. Rd6 Rc3+ 43. Ke2 Kc4 44. Rb6 Kxd4 45. Rxb4+ Nc4 46. Rb7 Rxh3 47. Rf7 Ke4 48. e6 Kxf4 49. e7 Nd6 50. Kf2 Re3 51. Rxh7 d4 52. Rh6 Ne4+ 53. Kg2 Re2+ 54. Kg1 0-1